000 00837nam a2200229Ia 4500
003 OSt
005 20220918173842.0
006 a|||||r|||| 00| 0
007 ta
008 220917b |||||||| |||| 00| 0 eng d
024 _a8,683
037 _cTextual
040 _aARTS
_cARTS
_beng
041 _2eng
_aeng
082 _a902jM95, K0-;1
110 _aUniversity of Calcutta Ancient Indian History and Culture Department
_947881
245 0 _aJ N Baner8jee volume
_b a collection of articles by his friends and puplis presented on his retirement from carmichael professorship of ancient Indian history and culture University of Calcutta
260 _c1962
700 _aUniversity of Calcutta Ancient Indian History and Culture Department
_947882
942 _h902jM95, K0-;1
_cTEXL
_2CC
999 _c150440
_d150440